Statistiques concernant Les pièces de Corneille

Cliquez ici pour prendre le quiz!

Statistiques générales

  • Ce quiz a été pris 36 fois
  • Le résultat moyen est 9 sur 32

Statistiques - réponses

HintRéponse% Correct
1637Le Cid
100%
1636L'Illusion comique
63%
1641Cinna ou La Clémence d'Auguste
56%
1640Horace
50%
1670Tite et Bérénice
44%
1643La Mort de Pompée
38%
1634La Place royale
38%
1645La Suite du Menteur
38%
1644Le Menteur
38%
1635Médée
38%
1642Polyeucte
38%
1644Rodogune
38%
1674Suréna
38%
1631Clitandre ou L'Innocence persécutée
31%
1633La Galerie du palais
31%
1629Mélite
31%
1647Héraclius
25%
1651Nicomède
25%
1666Agésilas
19%
1634La Suivante
19%
1663Sophonisbe
19%
1660La Toison d'or
13%
1632La Veuve
13%
1659Œdipe
13%
1664Othon
13%
1651Pertharite
13%
1662Sertorius
13%
1646Théodore
13%
1667Attila
6%
1649Don Sanche d'Aragon
6%
1650Andromède
0%
1672Pulchérie
0%

Distribution des résultats

Percentile par nombre de réponses

% des personnes avec chaque résultat

Votre développement - résultats

Vous n’avez pas pris ce quiz